|
|
|
|
| LEADER |
00000nam1a2200000 4500 |
| 001 |
296211 |
| 005 |
20231101002659.0 |
| 020 |
|
|
|a RU
|b 83-95189
|
| 035 |
|
|
|a (RuTPU)RU\TPU\book\321307
|
| 090 |
|
|
|a 296211
|
| 100 |
|
|
|a 20150528d1983 m y0rusy5003 ca
|
| 101 |
0 |
|
|a rus
|
| 102 |
|
|
|a RU
|
| 200 |
1 |
|
|a Экономика гражданской авиации СССР
|e учебник
|f Г. С. Диброва [и др.]
|
| 210 |
|
|
|a Москва
|c Транспорт
|d 1983
|
| 215 |
|
|
|a 224 с.
|
| 333 |
|
|
|a Исключено из фонда НТБ ТПУ
|
| 701 |
|
1 |
|a Диброва
|b Г. С.
|g Георгий Саввич
|
| 701 |
|
1 |
|a Макаров
|b Е. В.
|
| 701 |
|
1 |
|a Дмитренко
|b Э. Д.
|
| 701 |
|
1 |
|a Городецкая
|b Л. А.
|
| 801 |
|
0 |
|a RU
|b RuMRKP
|c 19950704
|g psbo
|
| 801 |
|
1 |
|a RU
|b 63413507
|c 20150528
|
| 801 |
|
2 |
|a RU
|b 63413507
|c 20161115
|g RCR
|
| 942 |
|
|
|c BK
|